[Event "Montreal Mercredi 10"]
[Site "Montreal CAN"]
[Date "2013.10.02"]
[Round "1"]
[White "Chabot, Roland"]
[Black "Leveille, Francois"]
[Result "1/2-1/2"]
[WhiteElo "2137"]
[BlackElo "2342"]
[PlyCount "150"]
[GameId "2160767909229325"]
[EventDate "2013.10.02"]
[EventType "swiss"]
[EventRounds "5"]
[EventCountry "CAN"]
[SourceTitle "EXT 2022"]
[Source "ChessBase"]
[SourceDate "2021.10.06"]
[SourceVersion "1"]
[SourceVersionDate "2021.10.06"]
[SourceQuality "1"]

1. d4 Nf6 2. c4 c5 3. d5 e6 4. Nc3 exd5 5. cxd5 d6 6. e4 g6 7. Bd3 Bg7 8. h3 O-O 9. Nf3 Nh5 10. O-O Nd7 11. Bg5 Bf6 12. Bh6 Re8 13. Re1 a6 14. a4 Rb8 15. Qd2 Ne5 16. Be2 Nxf3+ 17. Bxf3 Ng7 18. Rab1 Bd4 19. b4 Qh4 20. Be3 Bxe3 21. Rxe3 cxb4 22. Rxb4 Bd7 23. Qb2 Qg5 24. Rxb7 Rbd8 25. Kf1 Qe5 26. Kg1 Qd4 27. Qb4 Qd2 28. Qb2 Qd4 29. Qb4 Qd2 30. Qb2 Qxb2 31. Rxb2 Rb8 32. Ree2 Rec8 33. Rxb8 Rxb8 34. Ra2 Rb3 35. Ne2 Rb4 36. a5 f5 37. exf5 Nxf5 38. g3 Kf7 39. h4 Kf6 40. Bg2 Rb1+ 41. Kh2 Nh6 42. Bh3 Bg4 43. Bxg4 Nxg4+ 44. Kg2 Rb3 45. Nf4 Ne5 46. Ne6 Nd3 47. Nc7 Nc5 48. Re2 Kf7 49. Ne6 Rb5 50. Ng5+ Kg7 51. Re7+ Kf6 52. Rxh7 Ke5 53. Rg7 Kxd5 54. Rxg6 Rb2 55. h5 Nd3 56. Rf6 Ne5 57. h6 Rb8 58. h7 Rh8 59. f4 Ng4 60. Rxd6+ Kxd6 61. Nf7+ Kc5 62. Nxh8 Nf6 63. Nf7 Nxh7 64. Kf3 Kb5 65. Ng5 Nf8 66. f5 Kxa5 67. Ne6 Nd7 68. g4 Kb4 69. Nd4 Kc5 70. Ke3 Kd5 71. Nf3 a5 72. Kd3 a4 73. g5 a3 74. Kc3 Ke4 75. Kb3 Kxf5 1/2-1/2

[Event "Montreal Mercredi 10"]
[Site "Montreal CAN"]
[Date "2013.10.02"]
[Round "1"]
[White "Heredia, Jose"]
[Black "Gauthier, Luc"]
[Result "0-1"]
[WhiteElo "1823"]
[BlackElo "1787"]
[PlyCount "90"]
[GameId "2160767909229326"]
[EventDate "2013.10.02"]
[EventType "swiss"]
[EventRounds "5"]
[EventCountry "CAN"]
[SourceTitle "EXT 2022"]
[Source "ChessBase"]
[SourceDate "2021.10.06"]
[SourceVersion "1"]
[SourceVersionDate "2021.10.06"]
[SourceQuality "1"]

1. e4 Nf6 2. e5 Nd5 3. c4 Nb6 4. d4 d6 5. exd6 exd6 6. Bd3 Nc6 7. Be3 Be7 8. h3 O-O 9. Nf3 Bf6 10. O-O Nb4 11. Nc3 Nxd3 12. Qxd3 d5 13. c5 Nc4 14. Bc1 Be6 15. b3 Na5 16. Bf4 a6 17. Ne5 Bxe5 18. Bxe5 Nc6 19. Rfe1 Nxe5 20. Rxe5 c6 21. b4 Qf6 22. Na4 Qg6 23. Qxg6 hxg6 24. Nb6 Rab8 25. a4 Rfe8 26. Rae1 Kf8 27. Rxe6 fxe6 28. Nd7+ Kf7 29. Nxb8 Rxb8 30. b5 axb5 31. axb5 b6 32. bxc6 bxc5 33. Rc1 c4 34. Rc3 Rb1+ 35. Kh2 Rb6 36. f4 Rxc6 37. g4 Rb6 38. Ra3 Rb2+ 39. Kg1 Rd2 40. Ra7+ Kf6 41. g5+ Kf5 42. Rxg7 c3 43. Rf7+ Ke4 44. Rf6 c2 45. Rxe6+ Kxf4 0-1

[Event "Montreal Mercredi 10"]
[Site "Montreal CAN"]
[Date "2013.10.02"]
[Round "1"]
[White "Khudaverdian, Berj"]
[Black "Ostaci, Liviu"]
[Result "0-1"]
[WhiteElo "1743"]
[BlackElo "1657"]
[PlyCount "102"]
[GameId "2160767909229327"]
[EventDate "2013.10.02"]
[EventType "swiss"]
[EventRounds "5"]
[EventCountry "CAN"]
[SourceTitle "EXT 2022"]
[Source "ChessBase"]
[SourceDate "2021.10.06"]
[SourceVersion "1"]
[SourceVersionDate "2021.10.06"]
[SourceQuality "1"]

1. Nf3 Nf6 2. d3 d5 3. Nbd2 c5 4. g3 g6 5. Bg2 Bg7 6. O-O O-O 7. e4 Nc6 8. Re1 d4 9. a4 e5 10. Nc4 Ne8 11. a5 Nd6 12. Nxd6 Qxd6 13. Nh4 Qd8 14. a6 b6 15. Bd2 Rb8 16. Qc1 Qe7 17. Bh6 Bd7 18. Bxg7 Kxg7 19. Nf3 Rfc8 20. h4 f6 21. Kh2 b5 22. Qd2 c4 23. Rh1 Nb4 24. c3 dxc3 25. bxc3 Nxd3 26. h5 g5 27. Ne1 Nxe1 28. Rhxe1 Be6 29. f4 Rd8 30. Qe2 Rd3 31. f5 Bf7 32. Rec1 Rbd8 33. Rc2 Qc5 34. Rb1 Be8 35. Qe1 Bxh5 36. Rcb2 Rd1 37. Rxb5 Rxe1 38. Rxc5 Rxb1 39. Rc7+ Kg8 40. Rxa7 Ra1 41. Kh3 Be8 42. Bf3 Bb5 43. Rb7 Bxa6 44. Rb6 Kg7 45. Kg4 Rd7 46. Kh5 Bb7 47. g4 Rf1 48. Bg2 Rf2 49. Re6 Bxe4 50. Bh3 Rf7 51. Re8 Rh2 0-1

[Event "Montreal Mercredi 10"]
[Site "Montreal CAN"]
[Date "2013.10.02"]
[Round "1"]
[White "Lopez Linares, Cesar"]
[Black "Ouellet, Maili-Jade"]
[Result "1-0"]
[WhiteElo "1940"]
[BlackElo "1786"]
[PlyCount "85"]
[GameId "2160767909229328"]
[EventDate "2013.10.02"]
[EventType "swiss"]
[EventRounds "5"]
[EventCountry "CAN"]
[SourceTitle "EXT 2022"]
[Source "ChessBase"]
[SourceDate "2021.10.06"]
[SourceVersion "1"]
[SourceVersionDate "2021.10.06"]
[SourceQuality "1"]

1. Nf3 e6 2. e3 c5 3. b3 d5 4. Bb2 Nc6 5. Bb5 a6 6. Bxc6+ bxc6 7. d3 Nf6 8. Nbd2 Be7 9. Qe2 a5 10. Rd1 Rb8 11. O-O O-O 12. Ne5 Qc7 13. f4 Nd7 14. Qg4 f5 15. Qh5 Nf6 16. Qf3 Rd8 17. Rfe1 Qb6 18. h3 Ne8 19. c4 Nd6 20. Bc3 Bb7 21. Rb1 d4 22. Bb2 Nf7 23. Nxf7 Kxf7 24. e4 Kg8 25. Ba3 Re8 26. Re2 g6 27. g4 Bc8 28. Rg2 Qc7 29. e5 Rf8 30. g5 Bd7 31. h4 Be8 32. Kf2 Kg7 33. Rh1 Rh8 34. Rgh2 h5 35. gxh6+ Rxh6 36. h5 gxh5 37. Rg1+ Kf8 38. Rhg2 Bf7 39. Qg3 Rg6 40. Qxg6 Bxg6 41. Rxg6 Qb6 42. Rg8+ Kf7 43. R1g7# 1-0

[Event "Montreal Mercredi 10"]
[Site "Montreal CAN"]
[Date "2013.10.02"]
[Round "1"]
[White "Lopez Linares, Lizandro"]
[Black "Lebeau, Gilbert"]
[Result "0-1"]
[WhiteElo "2063"]
[BlackElo "2023"]
[PlyCount "70"]
[GameId "2160767909229329"]
[EventDate "2013.10.02"]
[EventType "swiss"]
[EventRounds "5"]
[EventCountry "CAN"]
[SourceTitle "EXT 2022"]
[Source "ChessBase"]
[SourceDate "2021.10.06"]
[SourceVersion "1"]
[SourceVersionDate "2021.10.06"]
[SourceQuality "1"]

1. d4 Nf6 2. Nf3 g6 3. Bf4 Bg7 4. e3 d5 5. h3 O-O 6. Nbd2 c5 7. c3 Nc6 8. Be2 Re8 9. O-O Bf5 10. Qb3 Na5 11. Qa3 c4 12. b4 Nc6 13. Qb2 b5 14. a4 a6 15. axb5 axb5 16. Rxa8 Qxa8 17. Ra1 Qb7 18. Qa2 Ne4 19. Qa3 Nxd2 20. Nxd2 e5 21. dxe5 Nxe5 22. Bxe5 Bxe5 23. Nf3 Bg7 24. Kf1 Qc7 25. Ke1 Be4 26. Kd2 Bxf3 27. Bxf3 Qe5 28. Rc1 Qf5 29. Ke1 Qd3 30. Be2 Qf5 31. Qa6 h5 32. Qxb5 Ra8 33. Kf1 Bxc3 34. Qb7 Ra2 35. b5 Bd2 0-1

[Event "Montreal Mercredi 10"]
[Site "Montreal CAN"]
[Date "2013.10.02"]
[Round "1"]
[White "Millette, Sylvain"]
[Black "Chesnut, Walter"]
[Result "1-0"]
[WhiteElo "1750"]
[BlackElo "1638"]
[PlyCount "86"]
[GameId "2160767909229330"]
[EventDate "2013.10.02"]
[EventType "swiss"]
[EventRounds "5"]
[EventCountry "CAN"]
[SourceTitle "EXT 2022"]
[Source "ChessBase"]
[SourceDate "2021.10.06"]
[SourceVersion "1"]
[SourceVersionDate "2021.10.06"]
[SourceQuality "1"]

1. Nf3 f5 2. e4 fxe4 3. Ng5 Nf6 4. d3 e5 5. Nc3 Bb4 6. Bd2 Bxc3 7. Bxc3 d6 8. Nxe4 O-O 9. Nxf6+ Qxf6 10. f3 Nc6 11. Qd2 Qh4+ 12. g3 Qa4 13. Bg2 Bf5 14. a3 Ne7 15. b3 Qd7 16. O-O Bh3 17. Rae1 Bxg2 18. Kxg2 Qc6 19. d4 Nd5 20. Bb2 exd4 21. Qxd4 Nf6 22. c4 Qb6 23. Qxb6 axb6 24. Re7 Rf7 25. Rfe1 Kf8 26. R7e6 Nd7 27. b4 Nf6 28. h3 Re8 29. Bxf6 Rxe6 30. Rxe6 Rxf6 31. Rxf6+ gxf6 32. Kf2 Ke7 33. Ke3 Ke6 34. f4 c6 35. g4 d5 36. Kd4 dxc4 37. Kxc4 f5 38. g5 Kd6 39. h4 b5+ 40. Kd4 b6 41. h5 c5+ 42. bxc5+ bxc5+ 43. Kc3 Ke6 1-0

[Event "Montreal Mercredi 10"]
[Site "Montreal CAN"]
[Date "2013.10.02"]
[Round "1"]
[White "Struben, Jeroen"]
[Black "Lamoureux, Yvon"]
[Result "0-1"]
[WhiteElo "1676"]
[BlackElo "1671"]
[PlyCount "115"]
[GameId "2160767909229331"]
[EventDate "2013.10.02"]
[EventType "swiss"]
[EventRounds "5"]
[EventCountry "CAN"]
[SourceTitle "EXT 2022"]
[Source "ChessBase"]
[SourceDate "2021.10.06"]
[SourceVersion "1"]
[SourceVersionDate "2021.10.06"]
[SourceQuality "1"]

1. d4 Nf6 2. c4 c5 3. d5 e6 4. Nc3 exd5 5. cxd5 d6 6. e4 g6 7. Nf3 Bg7 8. Be2 O-O 9. O-O Re8 10. Qc2 Na6 11. Bg5 Nc7 12. a4 Rb8 13. a5 b5 14. axb6 axb6 15. Ra7 b5 16. Nd2 h6 17. Bh4 g5 18. Bg3 b4 19. Na4 Nfxd5 20. Nxc5 Nf4 21. Bxf4 gxf4 22. Ncb3 Nb5 23. Bxb5 Rxb5 24. Rxf7 Rbe5 25. Ra7 d5 26. Nf3 Rxe4 27. Nc5 Re2 28. Qg6 Qf6 29. Qd3 Qf5 30. Qb5 Bxb2 31. Qxb4 Bf6 32. Qb5 d4 33. Qc4+ Kh8 34. Nxd4 Bxd4 35. Qxd4+ Qe5 36. Qxe5+ R2xe5 37. Nd3 Rf5 38. Rc1 Rff8 39. f3 Rg8 40. Nxf4 Ref8 41. Rcc7 Bf5 42. Kf2 Bb1 43. Rf7 Rc8 44. Rac7 Ra8 45. Ra7 Rac8 46. Rac7 Ra8 47. g4 Ra3 48. Rc6 Ra2+ 49. Kg3 Rg7 50. Rxh6+ Kg8 51. Rxg7+ Kxg7 52. Rb6 Bc2 53. Rc6 Bd1 54. Rc3 Ba4 55. h4 Be8 56. Rc7+ Kf6 57. g5+ Kf5 58. Rc5# 0-1

[Event "Montreal Mercredi 10"]
[Site "Montreal CAN"]
[Date "2013.10.02"]
[Round "1"]
[White "Tremblay, Alain"]
[Black "Cloutier, Mathieu"]
[Result "1-0"]
[WhiteElo "2078"]
[BlackElo "2104"]
[PlyCount "107"]
[GameId "2160767909229332"]
[EventDate "2013.10.02"]
[EventType "swiss"]
[EventRounds "5"]
[EventCountry "CAN"]
[SourceTitle "EXT 2022"]
[Source "ChessBase"]
[SourceDate "2021.10.06"]
[SourceVersion "1"]
[SourceVersionDate "2021.10.06"]
[SourceQuality "1"]

1. Nf3 Nf6 2. g3 c5 3. Bg2 Nc6 4. O-O d5 5. d4 cxd4 6. Nxd4 e5 7. Nxc6 bxc6 8. c4 Rb8 9. Bg5 Be6 10. Nc3 e4 11. cxd5 cxd5 12. Bxf6 gxf6 13. Qa4+ Qd7 14. Qxd7+ Kxd7 15. Rfd1 Rxb2 16. Bxe4 Bb4 17. Nxd5 Bxd5 18. Rxd5+ Ke6 19. Rb5 Bc3 20. Bf5+ Ke7 21. Rxb2 Bxb2 22. Rd1 Rd8 23. Rxd8 Kxd8 24. Bxh7 Ke7 25. Bf5 Kf8 26. Kg2 Kg7 27. h4 Bd4 28. f4 Bc5 29. Kf3 Bd4 30. g4 Bc5 31. Bd7 Be7 32. h5 Bd6 33. Ke4 Bc7 34. Kf5 Bd6 35. Bc6 Bc7 36. Bd5 Bd6 37. e4 Be7 38. Bc4 Bd6 39. Bb3 Be7 40. e5 fxe5 41. fxe5 Bd8 42. g5 Bc7 43. Bd5 Bb6 44. h6+ Kf8 45. g6 fxg6+ 46. Kxg6 Bc7 47. Kf5 Bd8 48. h7 Kg7 49. Bg8 a5 50. Ke6 Bc7 51. Kd5 Bd8 52. e6 Bf6 53. Kd6 Kf8 54. Kd7 1-0

[Event "Montreal Mercredi 10"]
[Site "Montreal CAN"]
[Date "2013.10.09"]
[Round "2"]
[White "Boudreau, Daniel"]
[Black "Lopez Linares, Lizandro"]
[Result "0-1"]
[WhiteElo "2067"]
[BlackElo "2063"]
[PlyCount "96"]
[GameId "2160767909229334"]
[EventDate "2013.10.02"]
[EventType "swiss"]
[EventRounds "5"]
[EventCountry "CAN"]
[SourceTitle "EXT 2022"]
[Source "ChessBase"]
[SourceDate "2021.10.06"]
[SourceVersion "1"]
[SourceVersionDate "2021.10.06"]
[SourceQuality "1"]

1. e4 c6 2. d4 d5 3. exd5 cxd5 4. c4 Nf6 5. Nc3 Nc6 6. Nf3 Bg4 7. cxd5 Nxd5 8. Qb3 Bxf3 9. gxf3 Nb6 10. Be3 e6 11. O-O-O Be7 12. d5 Nxd5 13. Bc4 Qc8 14. Nxd5 exd5 15. Rxd5 O-O 16. Kb1 Qh3 17. Rg1 b6 18. Qc3 g6 19. Ba6 Nb4 20. Bb7 Nxd5 21. Bxd5 Qxh2 22. Rd1 Rac8 23. Qb3 Bf6 24. f4 Qh3 25. f3 Rc7 26. Be4 Rfc8 27. f5 Kg7 28. Bf4 Re7 29. fxg6 hxg6 30. Qd3 Ree8 31. Qb3 Qg2 32. Bd5 Re2 33. Bc1 Rcc2 34. f4 Rxb2+ 35. Bxb2 Rxb2+ 36. Kc1 Qf2 37. Qd3 Qc5+ 38. Bc4 b5 39. f5 Qxc4+ 40. Qxc4 bxc4 41. fxg6 Rxa2 42. Rd7 Kxg6 43. Rc7 c3 44. Kb1 Rb2+ 45. Kc1 Bg5+ 46. Kd1 c2+ 47. Rxc2 Rxc2 48. Kxc2 f5 0-1

[Event "Montreal Mercredi 10"]
[Site "Montreal CAN"]
[Date "2013.10.09"]
[Round "2"]
[White "Chesnut, Walter"]
[Black "Lamoureux, Yvon"]
[Result "0-1"]
[WhiteElo "1638"]
[BlackElo "1671"]
[PlyCount "86"]
[GameId "2160767909229335"]
[EventDate "2013.10.02"]
[EventType "swiss"]
[EventRounds "5"]
[EventCountry "CAN"]
[SourceTitle "EXT 2022"]
[Source "ChessBase"]
[SourceDate "2021.10.06"]
[SourceVersion "1"]
[SourceVersionDate "2021.10.06"]
[SourceQuality "1"]

1. Nf3 Nf6 2. d4 g6 3. c4 Bg7 4. Nc3 d5 5. g3 O-O 6. cxd5 Nxd5 7. Bg2 Nxc3 8. bxc3 c5 9. O-O cxd4 10. cxd4 Nc6 11. e3 h6 12. Rb1 Rb8 13. e4 Nxd4 14. Nxd4 Qxd4 15. Qxd4 Bxd4 16. Bxh6 Rd8 17. Bf4 e5 18. Bg5 Rd6 19. Be7 Rc6 20. Rfc1 Bd7 21. Rxc6 Bxc6 22. Rc1 Kg7 23. Bc5 Rd8 24. Bxd4 Rxd4 25. f3 Rd2 26. Ra1 a5 27. Bf1 Kf6 28. Bc4 Ke7 29. a4 f6 30. Bb3 Kd6 31. Rd1 Rxd1+ 32. Bxd1 Kc5 33. h4 Be8 34. g4 b5 35. axb5 Kxb5 36. Bb3 a4 37. Ba2 Kb4 38. Kf2 Ka3 39. Bd5 Kb2 40. g5 fxg5 41. hxg5 a3 42. Ke3 Ba4 43. f4 Bb3 0-1

[Event "Montreal Mercredi 10"]
[Site "Montreal CAN"]
[Date "2013.10.09"]
[Round "2"]
[White "Have, Didier"]
[Black "Valle-Romo, Ricardo"]
[Result "1-0"]
[WhiteElo "1971"]
[BlackElo "2025"]
[PlyCount "77"]
[GameId "2160767909229338"]
[EventDate "2013.10.02"]
[EventType "swiss"]
[EventRounds "5"]
[EventCountry "CAN"]

1. f4 b6 2. Nf3 Bb7 3. b3 Nf6 4. e3 e6 5. Bb2 Be7 6. Bd3 O-O 7. O-O Ne4 8. c3 f5 9. Be2 c5 10. d3 Nf6 11. c4 Nc6 12. Ng5 h6 13. Nf3 Ng4 14. Qc1 d5 15. d4 cxd4 16. Nxd4 Nxd4 17. Bxd4 Nf6 18. Nd2 Rc8 19. Qb2 Bc5 20. Nf3 Qe7 21. a4 Ng4 22. Qd2 Rfd8 23. h3 Nf6 24. Qb2 Ne4 25. Rfd1 Kh7 26. Ne5 g5 27. Bf3 gxf4 28. Bxe4 fxe4 29. Ng4 Bxd4 30. Qxd4 h5 31. Ne5 fxe3 32. Rf1 Rf8 33. cxd5 exd5 34. Rxf8 Rxf8 35. Rc1 e2 36. Nd3 exd3 37. Qxd3+ Qe4 38. Rc7+ Kg8 39. Qg3+ 1-0

[Event "Montreal Mercredi 10"]
[Site "Montreal CAN"]
[Date "2013.10.09"]
[Round "2"]
[White "Lebeau, Gilbert"]
[Black "Cardin, Guillaume"]
[Result "1/2-1/2"]
[WhiteElo "2023"]
[BlackElo "2061"]
[PlyCount "117"]
[GameId "2160767909229339"]
[EventDate "2013.10.02"]
[EventType "swiss"]
[EventRounds "5"]
[EventCountry "CAN"]
[SourceTitle "EXT 2022"]
[Source "ChessBase"]
[SourceDate "2021.10.06"]
[SourceVersion "1"]
[SourceVersionDate "2021.10.06"]
[SourceQuality "1"]

1. d4 f5 2. Nc3 Nf6 3. Bg5 d5 4. Bxf6 exf6 5. e3 Be6 6. Bd3 Nc6 7. a3 g6 8. h4 h5 9. Qf3 Qd7 10. Nh3 O-O-O 11. Nf4 Bf7 12. O-O-O Kb8 13. Qe2 Bh6 14. g3 Rhe8 15. Bb5 Qd6 16. Rhe1 Re7 17. Bxc6 Qxc6 18. Qb5 Qxb5 19. Nxb5 c6 20. Nc3 Rde8 21. Nd3 b6 22. b4 Rc7 23. Kb2 Bf8 24. Na4 Rec8 25. Rb1 Ka8 26. Nc3 a6 27. Rec1 Ka7 28. Na4 Be8 29. Nc3 Bf7 30. Na4 Bd6 31. Kb3 Be8 32. Ka2 c5 33. Nxb6 Kxb6 34. bxc5+ Ka5 35. Rb2 Be7 36. Rcb1 Bb5 37. Nb4 g5 38. Ka1 Bc4 39. Na2 Bxa2 40. Kxa2 gxh4 41. gxh4 f4 42. Rb6 fxe3 43. fxe3 Rc6 44. Rb7 Bxc5 45. dxc5 Rxc5 46. Rh7 Rxc2+ 47. Rb2 Rxb2+ 48. Kxb2 Rb8+ 49. Kc3 Ka4 50. Rxh5 Rb3+ 51. Kd4 Kxa3 52. Rh6 a5 53. h5 a4 54. Rxf6 Rb4+ 55. Kc5 Re4 56. Kxd5 Rxe3 57. h6 Rh3 58. Rb6 Ka2 59. Ke5 1/2-1/2

[Event "Montreal Mercredi 10"]
[Site "Montreal CAN"]
[Date "2013.10.09"]
[Round "2"]
[White "Leveille, Francois"]
[Black "Levkovsky, Alexandre"]
[Result "1-0"]
[WhiteElo "2342"]
[BlackElo "2299"]
[PlyCount "87"]
[GameId "2160767909229340"]
[EventDate "2013.10.02"]
[EventType "swiss"]
[EventRounds "5"]
[EventCountry "CAN"]
[SourceTitle "EXT 2022"]
[Source "ChessBase"]
[SourceDate "2021.10.06"]
[SourceVersion "1"]
[SourceVersionDate "2021.10.06"]
[SourceQuality "1"]

1. e4 e5 2. Nf3 Nc6 3. d4 exd4 4. Nxd4 Bc5 5. Nxc6 Qf6 6. Qf3 Qxf3 7. gxf3 bxc6 8. Rg1 Ne7 9. Be3 Bxe3 10. fxe3 Rb8 11. b3 O-O 12. Nc3 d6 13. Bc4 Be6 14. Bxe6 fxe6 15. Ke2 e5 16. Rab1 Rf6 17. Rg3 Rh6 18. h3 Rf8 19. b4 a6 20. Rb3 Rb8 21. Ra3 Rb6 22. Ra5 Kf7 23. a3 c5 24. bxc5 Rc6 25. Nd5 Nxd5 26. exd5 Rxc5 27. Rxc5 dxc5 28. Kd3 Rb6 29. Rg5 Kf6 30. Rh5 Rb1 31. Ke4 Ra1 32. Rxe5 Rxa3 33. Re6+ Kf7 34. Rc6 Rc3 35. Rxc7+ Kf6 36. Rc6+ Kf7 37. Rxa6 Rxc2 38. Ke5 Rg2 39. Ra7+ Kf8 40. f4 Rg3 41. e4 Rxh3 42. d6 Rh6 43. Ra8+ Kf7 44. d7 1-0

[Event "Montreal Mercredi 10"]
[Site "Montreal CAN"]
[Date "2013.10.09"]
[Round "2"]
[White "Millette, Sylvain"]
[Black "Khudaverdian, Berj"]
[Result "1/2-1/2"]
[WhiteElo "1750"]
[BlackElo "1743"]
[PlyCount "122"]
[GameId "2160767909229341"]
[EventDate "2013.10.02"]
[EventType "swiss"]
[EventRounds "5"]
[EventCountry "CAN"]
[SourceTitle "EXT 2022"]
[Source "ChessBase"]
[SourceDate "2021.10.06"]
[SourceVersion "1"]
[SourceVersionDate "2021.10.06"]
[SourceQuality "1"]

1. Nf3 Nf6 2. g3 g6 3. Bg2 Bg7 4. O-O c5 5. c4 Nc6 6. Nc3 O-O 7. d3 e6 8. e4 d6 9. Ne1 Nd4 10. f4 Qc7 11. Nf3 Nd7 12. Ne2 Rb8 13. Nexd4 cxd4 14. Qe2 b5 15. e5 Qb6 16. cxb5 dxe5 17. fxe5 Qxb5 18. b3 Ba6 19. Nxd4 Qxe5 20. Qxe5 Nxe5 21. Bf4 Nxd3 22. Be3 Nb4 23. Rf2 Nd5 24. Bxd5 exd5 25. Rd1 Rfe8 26. Nc6 Rbc8 27. Nxa7 Rc7 28. Bb6 Rce7 29. Bc5 Re1+ 30. Rxe1 Rxe1+ 31. Kg2 d4 32. b4 d3 33. b5 Bb7+ 34. Nc6 Bc3 35. Kh3 d2 36. Ne7+ Rxe7 37. Rxd2 Bxd2 38. Bxe7 f5 39. a4 Ba5 40. Bd6 Bd5 41. Bc5 Kf7 42. Be3 Kf6 43. g4 Ke5 44. gxf5 gxf5 45. b6 f4 46. Bc5 Bc6 47. Kg4 Ke4 48. Bf2 Bd7+ 49. Kg5 Bc8 50. Kh6 Kf3 51. Bc5 Kg4 52. Kxh7 Kh3 53. Kg6 Kxh2 54. Kf6 Kg2 55. Ke7 f3 56. Kd8 Ba6 57. Kc7 f2 58. Bxf2 Kxf2 59. Kc6 Bd2 60. b7 Bf4 61. Kb6 Bxb7 1/2-1/2

[Event "Montreal Mercredi 10"]
[Site "Montreal CAN"]
[Date "2013.10.09"]
[Round "2"]
[White "Ostaci, Liviu"]
[Black "Struben, Jeroen"]
[Result "0-1"]
[WhiteElo "1657"]
[BlackElo "1676"]
[PlyCount "48"]
[GameId "2160767909229342"]
[EventDate "2013.10.02"]
[EventType "swiss"]
[EventRounds "5"]
[EventCountry "CAN"]
[SourceTitle "EXT 2022"]
[Source "ChessBase"]
[SourceDate "2021.10.06"]
[SourceVersion "1"]
[SourceVersionDate "2021.10.06"]
[SourceQuality "1"]

1. d4 Nf6 2. Nf3 c5 3. e3 e6 4. Bd3 d5 5. c3 Nc6 6. O-O Bd6 7. Bb5 O-O 8. Bxc6 bxc6 9. Re1 Qc7 10. Nbd2 Ne4 11. Nf1 Ba6 12. Qc2 f5 13. Ng3 Rf6 14. b3 Rh6 15. a3 g5 16. c4 g4 17. dxc5 Bxg3 18. fxg3 gxf3 19. gxf3 Ng5 20. Kg2 Rxh2+ 21. Kxh2 Nxf3+ 22. Kh3 Nxe1 23. Qe2 Qg7 24. Bb2 Qh6+ 0-1

[Event "Montreal Mercredi 10"]
[Site "Montreal CAN"]
[Date "2013.10.09"]
[Round "2"]
[White "Ouellet, Maili-Jade"]
[Black "Heredia, Jose"]
[Result "1/2-1/2"]
[WhiteElo "1786"]
[BlackElo "1823"]
[PlyCount "58"]
[GameId "2160767909229343"]
[EventDate "2013.10.02"]
[EventType "swiss"]
[EventRounds "5"]
[EventCountry "CAN"]
[SourceTitle "EXT 2022"]
[Source "ChessBase"]
[SourceDate "2021.10.06"]
[SourceVersion "1"]
[SourceVersionDate "2021.10.06"]
[SourceQuality "1"]

1. d4 d5 2. c4 c6 3. Nf3 Nf6 4. Nc3 e6 5. e3 Nbd7 6. Bd3 dxc4 7. Bxc4 b5 8. Bd3 Bb7 9. a3 a6 10. b4 Bd6 11. Bb2 e5 12. O-O O-O 13. Qc2 Re8 14. Rad1 Qc7 15. h3 exd4 16. exd4 Nb6 17. Ng5 h6 18. Nge4 Nxe4 19. Nxe4 Nd5 20. Nxd6 Qxd6 21. Qc5 Qxc5 22. dxc5 a5 23. bxa5 Rxa5 24. Rfe1 Raa8 25. Be4 Rad8 26. Kh2 Kf8 27. Rd3 Rd7 28. Rg3 f6 29. h4 Rde7 1/2-1/2

[Event "Montreal Mercredi 10"]
[Site "Montreal CAN"]
[Date "2013.10.09"]
[Round "2"]
[White "Tremblay, Alain"]
[Black "Chabot, Roland"]
[Result "1/2-1/2"]
[WhiteElo "2078"]
[BlackElo "2137"]
[PlyCount "94"]
[GameId "2160767909229344"]
[EventDate "2013.10.02"]
[EventType "swiss"]
[EventRounds "5"]
[EventCountry "CAN"]
[SourceTitle "EXT 2022"]
[Source "ChessBase"]
[SourceDate "2021.10.06"]
[SourceVersion "1"]
[SourceVersionDate "2021.10.06"]
[SourceQuality "1"]

1. d4 Nf6 2. Nf3 d6 3. c4 Nbd7 4. Nc3 c6 5. e4 e5 6. g3 Be7 7. Bg2 O-O 8. O-O Qc7 9. a3 a6 10. d5 Nc5 11. Re1 a5 12. b3 Bd7 13. Rb1 cxd5 14. cxd5 b5 15. b4 Na6 16. Qb3 a4 17. Qb2 Rfc8 18. Bd2 Qb7 19. Rbc1 Bd8 20. Bf1 Bb6 21. h3 Nc7 22. Qb1 Rab8 23. Qd3 Ba7 24. Nd1 Na8 25. Nh4 Nb6 26. Qf3 Rxc1 27. Bxc1 Rc8 28. Ne3 Rc3 29. Nhf5 Bxf5 30. Qxf5 Nc4 31. Bxc4 Bxe3 32. Bxe3 Rxc4 33. Bg5 Qc8 34. Qxc8+ Rxc8 35. Bxf6 gxf6 36. Kg2 Kg7 37. Re3 Kg6 38. g4 Kg5 39. Kg3 h5 40. h4+ Kg6 41. Rf3 hxg4 42. Kxg4 Rc1 43. h5+ Kg7 44. Kf5 Rh1 45. Rg3+ Kf8 46. Kxf6 Rxh5 47. Rc3 Ke8 1/2-1/2

[Event "Montreal Mercredi 10"]
[Site "Montreal CAN"]
[Date "2013.10.18"]
[Round "2"]
[White "Barko, Maxim"]
[Black "Lopez Linares, Cesar"]
[Result "1/2-1/2"]
[WhiteElo "1940"]
[BlackElo "1940"]
[PlyCount "149"]
[GameId "2160767909229345"]
[EventDate "2013.10.02"]
[EventType "swiss"]
[EventRounds "5"]
[EventCountry "CAN"]
[SourceTitle "EXT 2022"]
[Source "ChessBase"]
[SourceDate "2021.10.06"]
[SourceVersion "1"]
[SourceVersionDate "2021.10.06"]
[SourceQuality "1"]

1. d4 Nf6 2. e3 e6 3. f4 c5 4. c3 b6 5. Qa4 Bb7 6. Nf3 Be7 7. Bd3 Be4 8. Be2 Qc7 9. O-O O-O 10. Nbd2 Bf5 11. Ne5 Nc6 12. Bf3 Rac8 13. Ndc4 Be4 14. dxc5 bxc5 15. Rd1 d5 16. Nxc6 Qxc6 17. Qxc6 Rxc6 18. Ne5 Rc7 19. b3 Bxf3 20. Nxf3 Ne4 21. Bb2 Bf6 22. g4 Bxc3 23. Bxc3 Nxc3 24. Rd3 Ne4 25. Rc1 a5 26. Rdd1 Rb8 27. Rc2 Kf8 28. Kf1 Ke7 29. Ng5 Nd6 30. Rdc1 c4 31. Nf3 f6 32. Ke2 Rcb7 33. bxc4 Nxc4 34. Nd4 Kd6 35. a4 Rb4 36. Nb5+ Kd7 37. Ra1 Rb3 38. Nc3 Rb2 39. Ra2 Rxa2 40. Nxa2 Rb1 41. Nc3 Rh1 42. Kd3 Rg1 43. e4 Nb6 44. Nb5 Nc4 45. exd5 exd5 46. Nc3 Nb6 47. Rb2 Kc6 48. Rb5 Rxg4 49. Ne2 g5 50. fxg5 fxg5 51. Nd4+ Kb7 52. Rxa5 Rh4 53. Rb5 Ka6 54. a5 Rh3+ 55. Ke2 Rxh2+ 56. Kf3 Nc4 57. Rxd5 Rh3+ 58. Kf2 g4 59. Rg5 h5 60. Nf5 Nd2 61. Nd6 Nb3 62. Ne4 Rf3+ 63. Kg2 Nxa5 64. Rxh5 Nc4 65. Rg5 Ne3+ 66. Kg1 Kb6 67. Kh2 Kc6 68. Rc5+ Kd7 69. Rc3 Ke8 70. Nf6+ Kf7 71. Ne4 Kg6 72. Rc5 Rh3+ 73. Kg1 Rf3 74. Rg5+ Kf7 75. Rb5 1/2-1/2